000 00566nam a2200241Ia 4500
003 OSt
005 20220912153116.0
006 a|||||r|||| 00| 0
007 ta
008 220909b |||||||| |||| 00| 0 eng d
024 _a21113
037 _cTextual
040 _aCSL
_beng
_cCSL
041 _aeng
082 _aB2893, 113L5
100 _aBlum E
245 0 _aMadthematische optimierung
260 _c1975
300 _ap.
_ccm.
700 _a Oettli W
942 _hB2893, 113L5
_cTEXL
_2CC
999 _c98104
_d98104